Feedback Control Systems / (Record no. 999)
[ view plain ]
| 000 -LEADER | |
|---|---|
| fixed length control field | 00713nac a22002051u 4500 |
| 008 - FIXED-LENGTH DATA ELEMENTS--GENERAL INFORMATION | |
| fixed length control field | 100914t2000 xxu|||||r|||| 001 0 eng d |
| 020 ## - INTERNATIONAL STANDARD BOOK NUMBER | |
| International Standard Book Number | 0130161241 |
| 020 ## - INTERNATIONAL STANDARD BOOK NUMBER | |
| International Standard Book Number | 9780130161246 |
| 082 ## - DEWEY DECIMAL CLASSIFICATION NUMBER | |
| Classification number | 629.83 |
| Item number | PHI |
| Edition number | 22 |
| 100 ## - MAIN ENTRY--PERSONAL NAME | |
| Personal name | Phillips, Charles L. |
| 9 (RLIN) | 19098 |
| 245 ## - TITLE STATEMENT | |
| Title | Feedback Control Systems / |
| Statement of responsibility, etc | Charles L. Phillips, Royce D. Harbor. |
| 250 ## - EDITION STATEMENT | |
| Edition statement | 4th ed. |
| 260 ## - PUBLICATION, DISTRIBUTION, ETC. (IMPRINT) | |
| Place of publication, distribution, etc | Upper Saddle River, N.J. : |
| Name of publisher, distributor, etc | Prentice-Hall, |
| Date of publication, distribution, etc | c2000. |
| 300 ## - PHYSICAL DESCRIPTION | |
| Extent | xiii, 658 p. : |
| Other physical details | ill. ; |
| Dimensions | 24cm. |
| 490 0# - Series Statement | |
| Series statement | Prentice Hall international editions |
| -- | 19099 |
| 504 ## - BIBLIOGRAPHY, ETC. NOTE | |
| Bibliography, etc | Includes bibliographical references and index. |
| 650 ## - SUBJECT ADDED ENTRY--TOPICAL TERM | |
| Topical term or geographic name as entry element | Feedback control systems. |
| 9 (RLIN) | 19100 |
| 700 ## - ADDED ENTRY--PERSONAL NAME | |
| Personal name | Harbor, Royce D. |
| 9 (RLIN) | 19101 |
| 942 ## - ADDED ENTRY ELEMENTS (KOHA) | |
| Item type | Book - Borrowing |
| Call number prefix | 629.83PHI |
| Source of classification or shelving scheme | Dewey Decimal Classification |
| Withdrawn status | Item status | Source of classification or shelving scheme | Damaged status | Not for loan | Vendor | Home library | Current library | Shelving location | Date acquired | Source of acquisition | Cost, normal purchase price | Total Checkouts | Full call number | Barcode | Date last seen | Cost, replacement price | Koha item type |
|---|---|---|---|---|---|---|---|---|---|---|---|---|---|---|---|---|---|
| Dewey Decimal Classification | Central Library | Central Library | First floor | 06/08/2016 | 225.00 | 629.83 PHI | 000003509 | 15/07/2025 | 281.25 | Book - Borrowing |